000 00915nam a2200289 a 4500
001 vtls001359177
003 NLI
005 20210627081536.0
008 120625s1969 dcu i f000 0 eng
039 9 _y201206251826
_zVLOAD
040 _aNLI
_beng
_cDatasoft_FOD_6
_eAACR2
041 0 _aeng
044 _a dcu
082 0 4 _a 016.608773
110 1 _aUnited States.
_bPatent Office
_9744211
245 1 0 _aIndex of trade marks issued from the United States Patent Office /
_cUnited States, Patent Office
260 _aWashington, D.C. :
_bThe Office,
_c1969
300 _a327 ;
_c26 cm.
650 0 _aPatents
_zUnited States
_vIndexes
_9708997
650 0 _aTrademarks
_zUnited States
_vIndexes
_9733834
887 _a
901 _aAD 39836
_b23.11.1971
_91969
902 _aU.S 016.608773 Un 3
904 _l581
949 _AVIRTUAITEM
_D10002
_X100
_6FOD000039836ENG
_91969
942 _2ddc
_cBKS
999 _aVIRTUA40
_c720480
_d720480